| 000 | 00444pab a2200157 454500 | ||
|---|---|---|---|
| 008 | 180718b2014 xxu||||| |||| 00| 0 eng d | ||
| 100 | _aDoulas, Anabelle V. | ||
| 245 | _aJuvenile crisis intervention teams (CITs): A qualitative description of current programmes | ||
| 260 | _c2014 | ||
| 300 | _ap.114-125. | ||
| 650 | _aJuvenile delinquency | ||
| 700 | _aLurigio, Arthur J. | ||
| 773 | _aPolice Journal | ||
| 908 | _aN | ||
| 909 | _a104856 | ||
| 999 |
_c104851 _d104851 |
||